| Tag |
First Indicator |
Second Indicator |
Subfields |
| LEADER |
00000nam a2200000 i 4500 |
| 001 |
in00004688983 |
| 006 |
m o d |
| 007 |
cr ||||||||||| |
| 008 |
220923t20222022dcua ob 001 0 eng d |
| 005 |
20260214214351.8 |
| 020 |
|
|
|a 9781683673798
|q (electronic book)
|
| 020 |
|
|
|a 1683673611
|q electronic book
|
| 020 |
|
|
|a 1683673794
|q electronic book
|
| 020 |
|
|
|a 9781683670384
|q adobe electronic book
|
| 020 |
|
|
|a 1683670388
|q adobe electronic book
|
| 020 |
|
|
|a 9781683673613
|q (electronic bk.)
|
| 020 |
|
|
|z 168367037X
|q hardcover
|
| 020 |
|
|
|z 9781683670377
|q hardcover
|
| 024 |
7 |
|
|a 10.1002/9781683673798
|2 doi
|
| 035 |
|
|
|a wil6007436
|
| 035 |
|
|
|a (NhCcYBP)wil6007436
|
| 040 |
|
|
|a NhCcYBP
|b eng
|e rda
|c NhCcYBP
|
| 050 |
|
4 |
|a QH442
|b .C75 2022
|
| 082 |
0 |
4 |
|a 576.5
|2 23
|
| 245 |
0 |
0 |
|a CRISPR :
|b biology and applications /
|c edited by Rodolphe Barrangou, Erik J. Sontheimer, Luciano A. Marraffini.
|
| 264 |
|
1 |
|a Washington, DC :
|b ASM Press ;
|a [Hoboken, NJ] :
|b John Wiley & Sons, Inc.,
|c [2022]
|
| 264 |
|
4 |
|c ©2022
|
| 300 |
|
|
|a 1 online resource (xii, 290 pages) :
|b illustrations
|
| 336 |
|
|
|a text
|b txt
|2 rdacontent
|
| 337 |
|
|
|a computer
|b c
|2 rdamedia
|
| 338 |
|
|
|a online resource
|b cr
|2 rdacarrier
|
| 500 |
|
|
|a "Copublication by the American Society for Microbiology and John Wiley & Sons, Inc."--Copyright page.
|
| 504 |
|
|
|a Includes bibliographical references and index.
|
| 505 |
0 |
|
|a CRISPR-Cas Systems : Core Features and Common Mechanisms / Rodolphe Barrangou, Luciano A. Marraffini, and Erik Sontheimer -- Evolutionary Classification of CRISPR-Cas Systems / Kira S. Makarova, Yuri I. Wolf, Eugene V. Koonin -- Molecular Mechanisms of Type I CRISPR-Cas Systems / John van der Oost -- Molecular Mechanisms of Type II CRISPR-Cas Systems / Tautvydas Karvelis and Virginijus Šikšnys -- Mechanism of Type III CRISPR-Cas Immunity / Luciano A. Marraffini -- Type V CRISPR-Cas Systems / Morgan Quinn Beckett, Anita Ramachandran, and Scott Bailey -- CRISPR-Cas13 : Biology, Mechanism, and Applications of RNA-Guided, RNA-Targeting CRISPR Systems / Omar O. Abudayyeh -- CRISPR-Cas, Horizontal Gene Transfer, and the Flexible (Pan) Genome / Uri Gophna -- Evasion Tactics Manifested by Bacteriophages against Bacterial Immunity / Joseph Bondy-Denomy -- Regulation of CRISPR-Cas Expression and Function / Leah M. Smith, Aroa Rey Campa, and Peter C. Fineran -- Genome Editing with CRISPR-Cas Systems / Peter Lotfy and Patrick D. Hsu -- Genetic and Epigenetic Modulation of Gene Expression by CRISPR-dCas Systems / Jasprina N. Noordermeer, Crystal Chen, and Lei S. Qi -- CRISPR Screens / Jonathan D. D'Gama, Joseph S. Park, and Matthew K. Waldor -- CRISPR-Based Antimicrobials / Justen Russell and David Bikard -- Exploiting CRISPR-Cas Systems to Provide Phage Resistance in Industrial Bacteria / Rodolphe Barrangou and Avery Roberts -- Recording Biological Information with CRISPR-Cas Systems / Mariia Y. Cherepkova, Tanmay Tanna, and Randall J. Platt.
|
| 520 |
|
|
|a "Since their discovery and subsequent development into laboratory tools, CRISPR Cas systems have revolutionized the science of gene editing and their possible applications continue to expand, from basic research to potentially groundbreaking medical and commercial uses. Led by a distinguished team of editors, CRISPR Biology and Applications explores the subject matter needed to delve into this fascinating area. This comprehensive text presents the diversity of CRISPR Cas systems, the underlying biology of these systems, and CRISPR based technologies and applications"--
|c Provided by publisher.
|
| 588 |
|
|
|a Description based on online resource; title from digital title page (viewed on October 07, 2022).
|
| 650 |
|
0 |
|a CRISPR (Genetics)
|
| 700 |
1 |
|
|a Barrangou, Rodolphe,
|e editor.
|
| 700 |
1 |
|
|a Sontheimer, Erik J.,
|e editor.
|
| 700 |
1 |
|
|a Marraffini, Luciano A.,
|e editor.
|
| 710 |
2 |
|
|a American Society for Microbiology,
|e issuing body.
|
| 776 |
0 |
8 |
|i Print version:
|t CRISPR.
|d Washington, DC : ASM Press ; [Hoboken, NJ] : John Wiley & Sons, Inc., [2022]
|z 9781683670377
|
| 856 |
4 |
0 |
|u http://proxy.library.tamu.edu/login?url=https://onlinelibrary.wiley.com/book/10.1002/9781683673798
|z Connect to the full text of this electronic book
|t 0
|
| 955 |
|
|
|a Wiley EBA record
|
| 975 |
|
|
|p Wiley UBCM Full Collection 2026
|
| 999 |
f |
f |
|s 7fb0a075-e3df-443c-af4a-906a446fa9cd
|i c1104a3a-22ce-474b-be0c-d5c66ef61f8c
|t 0
|
| 952 |
f |
f |
|a Texas A&M University
|b College Station
|c Electronic Resources
|s evans_pda
|d Available Online
|t 0
|e QH442 .C75 2022
|h Library of Congress classification
|
| 998 |
f |
f |
|a QH442 .C75 2022
|t 0
|l Available Online
|